[Event "RN-2019-0-01587"]
[Site "LSS email"]
[Date "2019.12.25"]
[Round "?"]
[White "Vontina, Maria"]
[Black "Cherry, Brian"]
[Result "1-0"]
[WhiteElo "810"]
[BlackElo "338"]
[PlyCount "55"]
[EventDate "2019.12.04"]
[EventType "tourn (corr)"]
[EventRounds "6"]
[EventCountry "GER"]
[SourceTitle "Corr 2022"]
[Source "ChessBase"]
[SourceDate "2021.10.24"]
[SourceVersion "1"]
[SourceVersionDate "2021.10.24"]
[SourceQuality "1"]

1. e4 e5 2. Nf3 Nc6 3. Bb5 d6 4. d4 Bd7 5. Nc3 Nf6 6. Bg5 Be7 7. 0-0 a6 8. Ba4 b5 9. Bb3 h6 10. Bh4 g5 11. Bg3 Bg4 12. dxe5 Bxf3 13. Qxf3 Nd4 14. Qd1 Nxb3 15. axb3 0-0 16. exf6 Bxf6 17. Qd2 b4 18. Nd1 a5 19. f3 Ra6 20. c3 Re8 21. Qd5 Qc8 22. Rxa5 bxc3 23. bxc3 Rb6 24. Bf2 Rxb3 25. Qxb3 c5 26. Ne3 Qc7 27. Rfa1 Kg7 28. Nd5 1-0

[Event "RN-2019-0-01587"]
[Site "LSS email"]
[Date "2019.12.23"]
[Round "?"]
[White "Cherry, Brian"]
[Black "Venturas, Bob"]
[Result "0-1"]
[WhiteElo "338"]
[BlackElo "579"]
[PlyCount "30"]
[EventDate "2019.12.04"]
[EventType "tourn (corr)"]
[EventRounds "6"]
[EventCountry "GER"]
[SourceTitle "Corr 2022"]
[Source "ChessBase"]
[SourceDate "2021.10.24"]
[SourceVersion "1"]
[SourceVersionDate "2021.10.24"]
[SourceQuality "1"]

1. e4 e5 2. Nf3 Nc6 3. d4 exd4 4. Nxd4 d5 5. c3 dxe4 6. Qe2 Qe7 7. Bf4 Nf6 8. Nd2 Nxd4 9. cxd4 c6 10. 0-0-0 Bg4 11. f3 exf3 12. Nxf3 0-0-0 13. Re1 Qb4 14. b3 Qc3+ 15. Kb1 Bf5+ 0-1

[Event "RN-2019-0-01587"]
[Site "LSS email"]
[Date "2019.12.23"]
[Round "?"]
[White "Hickl, Norbert"]
[Black "Cherry, Brian"]
[Result "1-0"]
[WhiteElo "871"]
[BlackElo "338"]
[PlyCount "65"]
[EventDate "2019.12.04"]
[EventType "tourn (corr)"]
[EventRounds "6"]
[EventCountry "GER"]
[SourceTitle "Corr 2022"]
[Source "ChessBase"]
[SourceDate "2021.10.24"]
[SourceVersion "1"]
[SourceVersionDate "2021.10.24"]
[SourceQuality "1"]

1. c4 e6 2. g3 Nc6 3. Bg2 Nf6 4. Nf3 Bc5 5. Nc3 0-0 6. 0-0 d5 7. d4 Bb6 8. c5 Ba5 9. Bg5 Qe7 10. Qc1 a6 11. a3 Bxc3 12. Qxc3 h6 13. Bd2 Ne4 14. Qc2 Nxd2 15. Qxd2 Re8 16. b4 e5 17. dxe5 Nxe5 18. Qxd5 c6 19. Qxe5 Qxe5 20. Nxe5 Rxe5 21. e3 Be6 22. Rfd1 a5 23. bxa5 Rxa5 24. Rab1 Rxa3 25. Rxb7 Rxc5 26. Rc7 Rac3 27. Rd8+ Kh7 28. Be4+ g6 29. Rd6 Kg7 30. Rxe6 h5 31. Rxg6+ Kf8 32. Rf6 Re5 33. Rfxf7+ 1-0

[Event "RN-2019-0-01584"]
[Site "LSS email"]
[Date "2019.12.10"]
[Round "?"]
[White "Cherry, Brian"]
[Black "Bester, Kazimierz"]
[Result "1-0"]
[WhiteElo "328"]
[BlackElo "671"]
[PlyCount "111"]
[EventDate "2019.11.20"]
[EventType "tourn (corr)"]
[EventRounds "6"]
[EventCountry "GER"]
[SourceTitle "Corr 2022"]
[Source "ChessBase"]
[SourceDate "2021.10.24"]
[SourceVersion "1"]
[SourceVersionDate "2021.10.24"]
[SourceQuality "1"]

1. e4 d5 2. f3 dxe4 3. fxe4 e5 4. Nf3 Bg4 5. Be2 Bxf3 6. Bxf3 Nf6 7. d3 Nc6 8. Bg5 Be7 9. c3 0-0 10. Nd2 Qxd3 11. Qe2 Qxe2+ 12. Bxe2 h6 13. Bh4 g5 14. Bg3 Nh7 15. 0-0-0 f6 16. Bf2 Nd8 17. Nb3 Ne6 18. Bc4 Kf7 19. Nc5 Bxc5 20. Bxc5 Rfe8 21. Rd7+ Kg6 22. Bxe6 Rxe6 23. Rxc7 b6 24. Be3 h5 25. g3 Rd6 26. h4 g4 27. Rd1 Rxd1+ 28. Kxd1 Rd8+ 29. Kc2 Ra8 30. b4 Nf8 31. a4 Ne6 32. Rc6 Nd8 33. Rd6 Nf7 34. Rd1 Rd8 35. Rxd8 Nxd8 36. c4 Nc6 37. Kc3 f5 38. exf5+ Kxf5 39. c5 bxc5 40. Bxc5 a6 41. b5 axb5 42. axb5 Nd8 43. b6 Nb7 44. Kb4 Ke6 45. Kb5 Kd7 46. Kc4 Kc6 47. Be3 Nd6+ 48. Kd3 Kd5 49. Bh6 e4+ 50. Ke3 Nc4+ 51. Kf4 Nxb6 52. Kg5 e3 53. Kxh5 e2 54. Bd2 Nc4 55. Be1 Ne3 56. Kg5 1-0

[Event "RN-2019-0-01584"]
[Site "LSS email"]
[Date "2019.12.10"]
[Round "?"]
[White "Cherry, Brian"]
[Black "Pocol, Horacio"]
[Result "0-1"]
[WhiteElo "328"]
[BlackElo "932"]
[PlyCount "116"]
[EventDate "2019.11.20"]
[EventType "tourn (corr)"]
[EventRounds "6"]
[EventCountry "GER"]
[SourceTitle "Corr 2022"]
[Source "ChessBase"]
[SourceDate "2021.10.24"]
[SourceVersion "1"]
[SourceVersionDate "2021.10.24"]
[SourceQuality "1"]

1. e4 e5 2. Nf3 Bd6 3. d4 Qe7 4. d5 h6 5. Nc3 a6 6. Be3 Nf6 7. Qd2 Bb4 8. a3 Nxe4 9. Qd3 Bxc3+ 10. bxc3 Nf6 11. Qc4 d6 12. Bb6 c6 13. Bd3 e4 14. Bxe4 Nxe4 15. 0-0 0-0 16. Rfe1 Bf5 17. Re3 c5 18. Qb3 Rc8 19. c4 Qf6 20. Rae1 Qg6 21. Ba5 Re8 22. Nh4 Qg4 23. Nxf5 Qxf5 24. f3 b5 25. cxb5 Nd7 26. fxe4 Qf6 27. Bc3 Ne5 28. bxa6 Rxa6 29. Qb5 Raa8 30. Rf1 Qg5 31. Rg3 Qe7 32. a4 Reb8 33. Qe2 Rxa4 34. Bxe5 Qxe5 35. c4 Qd4+ 36. Re3 Rxc4 37. h3 Rb2 38. Qf3 f6 39. Kh1 Rcc2 40. Rg1 Qe5 41. Qg3 Qe7 42. Qg4 Qf8 43. Rg3 Kh8 44. Qd7 g5 45. Qg4 Rb7 46. Ra3 Rcb2 47. Rga1 Rb1+ 48. Rxb1 Rxb1+ 49. Kh2 Rb7 50. Qd1 Kg7 51. Rb3 Qb8 52. Rxb7+ Qxb7 53. Qg4 c4 54. e5 dxe5 55. Qxc4 Qd7 56. g4 Qe7 57. Qd3 e4 58. Qe3 Qe5+ 0-1

[Event "RN-2019-0-01584"]
[Site "LSS email"]
[Date "2019.12.09"]
[Round "?"]
[White "Hickl, Norbert"]
[Black "Cherry, Brian"]
[Result "0-1"]
[WhiteElo "914"]
[BlackElo "328"]
[PlyCount "64"]
[EventDate "2019.11.20"]
[EventType "tourn (corr)"]
[EventRounds "6"]
[EventCountry "GER"]
[SourceTitle "Corr 2022"]
[Source "ChessBase"]
[SourceDate "2021.10.24"]
[SourceVersion "1"]
[SourceVersionDate "2021.10.24"]
[SourceQuality "1"]

1. c4 e5 2. g3 Bc5 3. Bg2 Nf6 4. Nc3 c6 5. Nf3 d5 6. cxd5 cxd5 7. d4 exd4 8. Nxd4 0-0 9. 0-0 Re8 10. Re1 Bg4 11. Bg5 h6 12. Bxf6 Qxf6 13. Nxd5 Qxd4 14. Qxd4 Bxd4 15. Nc7 Nc6 16. Nxa8 Rxa8 17. Rad1 Bxb2 18. h3 Be6 19. Rb1 Bc3 20. Rec1 Bd2 21. Rd1 Rd8 22. Bxc6 bxc6 23. Rb2 Ba5 24. Rxd8+ Bxd8 25. Rb8 Kh7 26. Rxd8 Bxa2 27. Ra8 Bc4 28. Rxa7 Bxe2 29. Rxf7 c5 30. f4 c4 31. Kf2 Bh5 32. Ke3 Bxf7 0-1

[Event "RN-2019-0-01581"]
[Site "LSS email"]
[Date "2019.11.25"]
[Round "?"]
[White "Cherry, Brian"]
[Black "Neuhausen, Rainer"]
[Result "1-0"]
[WhiteElo "332"]
[BlackElo "1036"]
[PlyCount "41"]
[EventDate "2019.11.12"]
[EventType "tourn (corr)"]
[EventRounds "6"]
[EventCountry "GER"]
[SourceTitle "Corr 2022"]
[Source "ChessBase"]
[SourceDate "2021.10.24"]
[SourceVersion "1"]
[SourceVersionDate "2021.10.24"]
[SourceQuality "1"]

1. e4 e5 2. Nf3 Nc6 3. Bb5 a6 4. Ba4 Nf6 5. h3 Be7 6. Bxc6 dxc6 7. Nc3 Bd6 8. 0-0 Be6 9. d3 0-0 10. Bg5 h6 11. Bh4 g5 12. Bg3 Nh5 13. Bxe5 f6 14. Bxd6 cxd6 15. Nxg5 fxg5 16. Qxh5 Qf6 17. Qe2 Rae8 18. Rae1 b6 19. e5 dxe5 20. Qxe5 Qg6 21. Qc7 1-0

[Event "RN-2019-0-01581"]
[Site "LSS email"]
[Date "2019.11.25"]
[Round "?"]
[White "Vontina, Maria"]
[Black "Cherry, Brian"]
[Result "1-0"]
[WhiteElo "765"]
[BlackElo "332"]
[PlyCount "61"]
[EventDate "2019.11.12"]
[EventType "tourn (corr)"]
[EventRounds "6"]
[EventCountry "GER"]
[SourceTitle "Corr 2022"]
[Source "ChessBase"]
[SourceDate "2021.10.24"]
[SourceVersion "1"]
[SourceVersionDate "2021.10.24"]
[SourceQuality "1"]

1. e4 e5 2. Nf3 Nc6 3. Bb5 d6 4. d4 Bd7 5. Nc3 Nf6 6. Bg5 Be7 7. 0-0 h6 8. Bxf6 Bxf6 9. dxe5 dxe5 10. Qd2 a6 11. Ba4 b5 12. Bb3 0-0 13. Rad1 Bg4 14. Qxd8 Rfxd8 15. Nd5 Rac8 16. h3 Bxf3 17. gxf3 Nd4 18. Nxf6+ gxf6 19. Kg2 Nxb3 20. axb3 Rd6 21. Rxd6 cxd6 22. Rc1 Kg7 23. b4 Kg6 24. c3 f5 25. Rd1 Rc6 26. h4 h5 27. Kf1 Kf6 28. Ke2 Ke6 29. Rg1 Rc7 30. Rg5 fxe4 31. fxe4 1-0

[Event "RN-2019-0-01578"]
[Site "LSS email"]
[Date "2019.11.17"]
[Round "?"]
[White "Cherry, Brian"]
[Black "Vontina, Maria"]
[Result "0-1"]
[WhiteElo "325"]
[BlackElo "770"]
[PlyCount "60"]
[EventDate "2019.11.03"]
[EventType "tourn (corr)"]
[EventRounds "6"]
[EventCountry "GER"]
[SourceTitle "Corr 2022"]
[Source "ChessBase"]
[SourceDate "2021.10.24"]
[SourceVersion "1"]
[SourceVersionDate "2021.10.24"]
[SourceQuality "1"]

1. e4 e6 2. Nf3 d5 3. e5 Ne7 4. d4 Ng6 5. Bd3 Be7 6. b3 0-0 7. Be3 a6 8. Qd2 Nd7 9. 0-0 c5 10. c3 cxd4 11. Nxd4 Ndxe5 12. Bc2 Bd7 13. f3 Nc6 14. Qe2 Rc8 15. c4 Nxd4 16. Bxd4 dxc4 17. bxc4 Bc6 18. Rd1 Qc7 19. Nc3 Rcd8 20. Qe3 Rd7 21. Ne2 Qc8 22. Rf1 Bd8 23. Rf2 Bc7 24. f4 Rfd8 25. Qc3 f6 26. Re1 Qb8 27. Ng3 Rxd4 28. Rfe2 e5 29. Re4 Bxe4 30. Bxe4 Nxf4 0-1

[Event "RN-2019-0-01578"]
[Site "LSS email"]
[Date "2019.11.16"]
[Round "?"]
[White "Bortnicker, Justin"]
[Black "Cherry, Brian"]
[Result "1-0"]
[WhiteElo "794"]
[BlackElo "325"]
[PlyCount "59"]
[EventDate "2019.11.03"]
[EventType "tourn (corr)"]
[EventRounds "6"]
[EventCountry "GER"]
[SourceTitle "Corr 2022"]
[Source "ChessBase"]
[SourceDate "2021.10.24"]
[SourceVersion "1"]
[SourceVersionDate "2021.10.24"]
[SourceQuality "1"]

1. d4 d5 2. Bf4 Bf5 3. Nf3 Nf6 4. e3 Ne4 5. Nbd2 e6 6. Nxe4 Bxe4 7. Bd3 Bxd3 8. cxd3 Bb4+ 9. Nd2 Nc6 10. 0-0 Bd6 11. Bxd6 Qxd6 12. Qg4 0-0 13. Rac1 g6 14. Qh4 Qe7 15. Qh6 f5 16. Nf3 Qg7 17. Qxg7+ Kxg7 18. a3 Na5 19. Rxc7+ Kg8 20. b4 Nc6 21. Rxb7 e5 22. dxe5 Rfe8 23. d4 a5 24. b5 Na7 25. a4 Rec8 26. Rd7 Rc4 27. Ra1 Rac8 28. h3 R4c7 29. Rxc7 Rxc7 30. b6 1-0

[Event "ZN-2019-0-04077"]
[Site "LSS email"]
[Date "2019.11.11"]
[Round "?"]
[White "Cherry, Brian"]
[Black "Simmons, Ernest"]
[Result "0-1"]
[WhiteElo "323"]
[BlackElo "511"]
[PlyCount "58"]
[EventDate "2019.11.06"]
[EventType "match (corr)"]
[EventRounds "2"]
[EventCountry "GER"]
[SourceTitle "Corr 2022"]
[Source "ChessBase"]
[SourceDate "2021.10.24"]
[SourceVersion "1"]
[SourceVersionDate "2021.10.24"]
[SourceQuality "1"]

1. e4 e6 2. Nf3 a6 3. Nc3 d6 4. d4 d5 5. Bf4 Nc6 6. a3 Nf6 7. Bd3 Be7 8. Qd2 0-0 9. 0-0-0 Ng4 10. h3 Nf6 11. e5 Nd7 12. g4 f6 13. h4 Nxd4 14. Nxd4 fxe5 15. Bxe5 Nxe5 16. Rde1 Nf3 17. Nxf3 Rxf3 18. g5 g6 19. Ne2 Rxf2 20. Qe3 Rf7 21. Nd4 Bc5 22. c3 Qe7 23. Qe2 Rf4 24. Nb3 Bd6 25. Nd4 Rf8 26. Nxe6 Re8 27. Rh3 Qxe6 28. Re3 Bf4 29. Kd2 Bxe3+ 0-1

[Event "ZN-2019-0-04077"]
[Site "LSS email"]
[Date "2019.11.11"]
[Round "?"]
[White "Simmons, Ernest"]
[Black "Cherry, Brian"]
[Result "1-0"]
[WhiteElo "511"]
[BlackElo "323"]
[PlyCount "87"]
[EventDate "2019.11.06"]
[EventType "match (corr)"]
[EventRounds "2"]
[EventCountry "GER"]
[SourceTitle "Corr 2022"]
[Source "ChessBase"]
[SourceDate "2021.10.24"]
[SourceVersion "1"]
[SourceVersionDate "2021.10.24"]
[SourceQuality "1"]

1. Nf3 e6 2. g3 Bc5 3. Bg2 Nf6 4. e3 0-0 5. d4 Bb6 6. Nc3 c6 7. 0-0 d5 8. Ne5 Nfd7 9. Nf3 h6 10. Bd2 Nf6 11. Re1 c5 12. dxc5 Bxc5 13. Ne5 Bd6 14. Nf3 Nc6 15. Nb5 Be7 16. Nc3 b6 17. a3 Bd7 18. b4 a5 19. b5 Na7 20. a4 Rc8 21. Ne5 Rc7 22. Qe2 Bc8 23. Red1 Bd6 24. Nf3 Bb4 25. Qe1 Bb7 26. Qe2 Rd7 27. Ne5 Rd6 28. Nf3 Bc5 29. Ra2 d4 30. exd4 Bxf3 31. Bxf3 Rxd4 32. Bf4 Rd7 33. Raa1 Bd4 34. Bd2 Qc7 35. Ra3 Bc5 36. Rb3 Rfd8 37. Kg2 Rd6 38. Bf4 Rd2 39. Rxd2 Qe7 40. Be3 Bb4 41. Bxb6 Rxd2 42. Qxd2 Nc8 43. Bd4 e5 44. Be3 1-0

[Event "RN-2019-0-01574"]
[Site "LSS email"]
[Date "2019.11.03"]
[Round "?"]
[White "Cherry, Brian"]
[Black "Pauk, Jozef"]
[Result "0-1"]
[WhiteElo "322"]
[BlackElo "652"]
[PlyCount "34"]
[EventDate "2019.10.13"]
[EventType "tourn (corr)"]
[EventRounds "6"]
[EventCountry "GER"]
[SourceTitle "Corr 2022"]
[Source "ChessBase"]
[SourceDate "2021.10.24"]
[SourceVersion "1"]
[SourceVersionDate "2021.10.24"]
[SourceQuality "1"]

1. e4 c5 2. Nf3 d6 3. Bc4 Nf6 4. Nc3 Bd7 5. Ng5 e6 6. d3 h6 7. Nf3 e5 8. Qe2 Bg4 9. h3 Be6 10. Bxe6 fxe6 11. 0-0 Nh5 12. Nxe5 Nf6 13. Nf3 e5 14. b3 Nc6 15. Be3 a6 16. Rfd1 Nd4 17. Qd2 Nxf3+ 0-1

[Event "RN-2019-0-01573"]
[Site "LSS email"]
[Date "2019.10.28"]
[Round "?"]
[White "Pocol, Horacio"]
[Black "Cherry, Brian"]
[Result "1-0"]
[WhiteElo "949"]
[BlackElo "320"]
[PlyCount "65"]
[EventDate "2019.10.10"]
[EventType "tourn (corr)"]
[EventRounds "6"]
[EventCountry "GER"]
[SourceTitle "Corr 2022"]
[Source "ChessBase"]
[SourceDate "2021.10.24"]
[SourceVersion "1"]
[SourceVersionDate "2021.10.24"]
[SourceQuality "1"]

1. Nc3 e5 2. a3 d5 3. d4 Nc6 4. Be3 e4 5. h3 f5 6. g3 g6 7. Qd2 h6 8. Bg2 Na5 9. Bf4 Nc4 10. Qc1 Bd6 11. Bxd6 Nxd6 12. e3 Be6 13. Nge2 Qd7 14. Nf4 Bf7 15. Nfxd5 c6 16. Nb4 Nf6 17. Na4 b6 18. c3 Bb3 19. Nc5 Qf7 20. Nxb3 Qb7 21. 0-0 0-0-0 22. c4 h5 23. d5 g5 24. dxc6 Qc7 25. Nd5 Nxd5 26. cxd5 Rdg8 27. Nd4 Rh6 28. Ne6 Qf7 29. c7 Nb5 30. Qc6 Nxc7 31. Rac1 Rh7 32. Qa8+ Kd7 33. Rxc7+ 1-0

[Event "RN-2019-0-01573"]
[Site "LSS email"]
[Date "2019.10.27"]
[Round "?"]
[White "Cherry, Brian"]
[Black "Kuttner, Jaromir"]
[Result "0-1"]
[WhiteElo "320"]
[BlackElo "927"]
[PlyCount "72"]
[EventDate "2019.10.10"]
[EventType "tourn (corr)"]
[EventRounds "6"]
[EventCountry "GER"]
[SourceTitle "Corr 2022"]
[Source "ChessBase"]
[SourceDate "2021.10.24"]
[SourceVersion "1"]
[SourceVersionDate "2021.10.24"]
[SourceQuality "1"]

1. e4 c5 2. Nf3 Nc6 3. c3 Nf6 4. Bb5 e6 5. d4 Nxe4 6. Qe2 f5 7. Nfd2 Qh4 8. 0-0 Bd6 9. Nf3 Qh5 10. Nbd2 0-0 11. Nxe4 fxe4 12. Qxe4 Rxf3 13. h3 Rf6 14. Be2 Qf7 15. Bd3 Rg6 16. g4 Be7 17. Qg2 Rf6 18. Be3 Rf3 19. Be2 Rf6 20. f4 cxd4 21. cxd4 Bd6 22. Qg3 g5 23. Rf3 gxf4 24. Bxf4 Bxf4 25. Qf2 b6 26. Rf1 Bb7 27. Rxf4 Rxf4 28. Qxf4 Qxf4 29. Rxf4 Rf8 30. Re4 Ne7 31. Re3 Nd5 32. Ra3 a5 33. Bb5 Bc6 34. Bd3 Rf4 35. Be2 Rxd4 36. Rf3 Nf4 0-1

[Event "RN-2019-0-01573"]
[Site "LSS email"]
[Date "2019.10.27"]
[Round "?"]
[White "Venturas, Bob"]
[Black "Cherry, Brian"]
[Result "0-1"]
[WhiteElo "542"]
[BlackElo "320"]
[PlyCount "122"]
[EventDate "2019.10.10"]
[EventType "tourn (corr)"]
[EventRounds "6"]
[EventCountry "GER"]
[SourceTitle "Corr 2022"]
[Source "ChessBase"]
[SourceDate "2021.10.24"]
[SourceVersion "1"]
[SourceVersionDate "2021.10.24"]
[SourceQuality "1"]

1. e4 e5 2. Nf3 Nc6 3. h3 Nf6 4. Nc3 Bb4 5. a3 Ba5 6. b4 Bb6 7. Bc4 h6 8. Bb2 0-0 9. d3 d6 10. 0-0 Qe7 11. Qd2 Be6 12. Bb3 Bxb3 13. cxb3 Nd4 14. Nxd4 Bxd4 15. Kh1 a6 16. f4 Rae8 17. f5 Nh5 18. Kh2 b6 19. Rae1 b5 20. Nd5 Qd8 21. Bc1 c6 22. Ne3 Qc7 23. Ng4 Nf4 24. g3 Nh5 25. Nxh6+ gxh6 26. Qxh6 f6 27. Qxh5 Rf7 28. Qg6+ Kf8 29. Bh6+ Ke7 30. Bc1 Kd8 31. Qg4 Rg7 32. Qf3 Qf7 33. Qd1 Reg8 34. Rf3 Qc7 35. Be3 Bc3 36. Rg1 a5 37. Qc2 axb4 38. Qa2 Qa5 39. a4 Kd7 40. g4 Ra8 41. g5 fxg5 42. Rxg5 Rxg5 43. Bxg5 bxa4 44. bxa4 Qxa4 45. Qe6+ Kc7 46. Qe7+ Kb6 47. Qxd6 Qc2+ 48. Kg3 Be1+ 49. Kg4 Qg2+ 50. Kh5 Qxf3+ 51. Kg6 Rg8+ 52. Kf6 Bc3 53. Qe6 Rxg5 54. Kxg5 Qxh3 55. Qc4 Qe3+ 56. Kf6 Qd4 57. Qxd4+ Bxd4 58. Ke7 Bc5+ 59. Ke8 b3 60. f6 b2 61. f7 b1Q 0-1

[Event "RN-2019-0-01572"]
[Site "LSS email"]
[Date "2019.10.20"]
[Round "?"]
[White "Cherry, Brian"]
[Black "Plastinin, Alexandr"]
[Result "0-1"]
[WhiteElo "325"]
[BlackElo "997"]
[PlyCount "66"]
[EventDate "2019.10.03"]
[EventType "tourn (corr)"]
[EventRounds "6"]
[EventCountry "GER"]
[SourceTitle "Corr 2022"]
[Source "ChessBase"]
[SourceDate "2021.10.24"]
[SourceVersion "1"]
[SourceVersionDate "2021.10.24"]
[SourceQuality "1"]

1. e4 e5 2. Nf3 Nc6 3. Bb5 d6 4. Nc3 Bd7 5. 0-0 Nf6 6. d3 Be7 7. Bg5 0-0 8. Qd2 Ng4 9. h3 Bxg5 10. Qxg5 Nf6 11. Qd2 a6 12. Ba4 Nd4 13. Bxd7 Nxf3+ 14. gxf3 Qxd7 15. Kh2 Nh5 16. Rg1 Nf4 17. Rg3 f5 18. Rag1 g6 19. Ne2 fxe4 20. fxe4 Nh5 21. Rg5 Rxf2+ 22. R1g2 Rxg2+ 23. Rxg2 Rf8 24. Qg5 Kh8 25. Ng3 Nf4 26. Qh6 Qc8 27. Rg1 Qd8 28. Nf1 Qf6 29. Ne3 Nh5 30. Nd5 Qf2+ 31. Rg2 Qf1 32. Ne3 Qf4+ 33. Kh1 Qxh6 0-1

[Event "RN-2019-0-01570"]
[Site "LSS email"]
[Date "2019.10.14"]
[Round "?"]
[White "Heiser, Jerome"]
[Black "Cherry, Brian"]
[Result "1-0"]
[WhiteElo "590"]
[BlackElo "325"]
[PlyCount "21"]
[EventDate "2019.09.30"]
[EventType "tourn (corr)"]
[EventRounds "6"]
[EventCountry "GER"]
[SourceTitle "Corr 2022"]
[Source "ChessBase"]
[SourceDate "2021.10.24"]
[SourceVersion "1"]
[SourceVersionDate "2021.10.24"]
[SourceQuality "1"]

1. e4 e5 2. Nf3 Nc6 3. Nc3 Bb4 4. Bc4 Nf6 5. d3 0-0 6. Bd2 d6 7. h3 Na5 8. Bb3 Nxb3 9. axb3 a6 10. 0-0 Qe7 11. Nd5 1-0

[Event "ZN-2019-0-04058"]
[Site "LSS email"]
[Date "2019.10.12"]
[Round "?"]
[White "Simonov, Nikolaj"]
[Black "Cherry, Brian"]
[Result "1-0"]
[WhiteElo "800"]
[BlackElo "325"]
[PlyCount "31"]
[EventDate "2019.10.02"]
[EventType "match (corr)"]
[EventRounds "2"]
[EventCountry "GER"]
[SourceTitle "Corr 2022"]
[Source "ChessBase"]
[SourceDate "2021.10.24"]
[SourceVersion "1"]
[SourceVersionDate "2021.10.24"]
[SourceQuality "1"]

1. d4 d5 2. Nf3 Bg4 3. c4 Bxf3 4. gxf3 e6 5. cxd5 exd5 6. Nc3 c6 7. e4 Bb4 8. Qb3 Qb6 9. Rg1 g6 10. Be3 Nd7 11. 0-0-0 0-0-0 12. Na4 Qa5 13. Bf4 b5 14. exd5 Qxa4 15. Qxa4 bxa4 16. Ba6# 1-0

[Event "RN-2019-0-01566"]
[Site "LSS email"]
[Date "2019.10.01"]
[Round "?"]
[White "Oberlaender, Rolf"]
[Black "Cherry, Brian"]
[Result "1-0"]
[WhiteElo "595"]
[BlackElo "311"]
[PlyCount "41"]
[EventDate "2019.09.16"]
[EventType "tourn (corr)"]
[EventRounds "6"]
[EventCountry "GER"]
[SourceTitle "Corr 2022"]
[Source "ChessBase"]
[SourceDate "2021.10.24"]
[SourceVersion "1"]
[SourceVersionDate "2021.10.24"]
[SourceQuality "1"]

1. e4 e5 2. f4 d6 3. fxe5 dxe5 4. Nf3 Nc6 5. Bc4 f6 6. c3 Bg4 7. 0-0 Bc5+ 8. Kh1 Na5 9. b4 Bxb4 10. Qa4+ c6 11. Qxb4 Ne7 12. d4 b5 13. Bb3 Qc7 14. Bd1 0-0 15. Nh4 Be6 16. Be2 Nc4 17. dxe5 fxe5 18. Bg5 Bg4 19. Bxc4+ Kh8 20. Bxe7 Rf7 21. Rxf7 1-0

[Event "RN-2019-0-01564"]
[Site "LSS email"]
[Date "2019.09.26"]
[Round "?"]
[White "Cherry, Brian"]
[Black "Zmolil, Karel"]
[Result "0-1"]
[WhiteElo "305"]
[BlackElo "1057"]
[PlyCount "28"]
[EventDate "2019.09.09"]
[EventType "tourn (corr)"]
[EventRounds "6"]
[EventCountry "GER"]
[SourceTitle "Corr 2022"]
[Source "ChessBase"]
[SourceDate "2021.10.24"]
[SourceVersion "1"]
[SourceVersionDate "2021.10.24"]
[SourceQuality "1"]

1. e4 e5 2. Nf3 Nc6 3. Nc3 d6 4. Bb5 Bd7 5. d3 a6 6. Ba4 h6 7. Bd2 Nf6 8. h3 Be7 9. Be3 b5 10. Bb3 Na5 11. 0-0 Nxb3 12. axb3 0-0 13. Nh4 Nxe4 14. Qg4 Bxg4 0-1

[Event "RN-2019-0-01561"]
[Site "LSS email"]
[Date "2019.09.13"]
[Round "?"]
[White "Gorman, Andrew"]
[Black "Cherry, Brian"]
[Result "0-1"]
[WhiteElo "639"]
[BlackElo "308"]
[PlyCount "108"]
[EventDate "2019.09.01"]
[EventType "tourn (corr)"]
[EventRounds "6"]
[EventCountry "GER"]
[SourceTitle "Corr 2022"]
[Source "ChessBase"]
[SourceDate "2021.10.24"]
[SourceVersion "1"]
[SourceVersionDate "2021.10.24"]
[SourceQuality "1"]

1. e4 e5 2. Nf3 Nc6 3. Bc4 h6 4. d3 d6 5. Nc3 Qf6 6. 0-0 Bg4 7. h3 Be6 8. Bxe6 Qxe6 9. Nd5 0-0-0 10. c3 Nce7 11. Nxe7+ Bxe7 12. Be3 Kb8 13. Qa4 b6 14. Rfe1 d5 15. Rad1 dxe4 16. dxe4 Nf6 17. Rxd8+ Rxd8 18. Nd2 g5 19. Nc4 Nxe4 20. Bxb6 cxb6 21. Rxe4 f5 22. Rxe5 Qd7 23. Qxd7 Rxd7 24. Rxf5 Bd8 25. Ne5 Rd6 26. Rf8 Kc7 27. Rf7+ Kb8 28. b4 Bc7 29. a4 Rd1+ 30. Kh2 Bxe5+ 31. g3 Bxc3 32. b5 Bb4 33. Rh7 Ra1 34. Rxh6 Rxa4 35. Rh8+ Kc7 36. Rh7+ Kd6 37. Rh6+ Kc5 38. Rh5 Kxb5 39. Rxg5+ Bc5 40. g4 a5 41. Rf5 Ka6 42. f3 Bd6+ 43. Kg2 Ra2+ 44. Kg1 a4 45. g5 Re2 46. g6 Re8 47. g7 Rg8 48. Rg5 a3 49. Rg2 Be5 50. Kf1 Rxg7 51. Ra2 Bd6 52. Kf2 Rc7 53. Ke3 Rc3+ 54. Ke2 Rb3 0-1

[Event "RN-2019-0-01561"]
[Site "LSS email"]
[Date "2019.09.12"]
[Round "?"]
[White "Cherry, Brian"]
[Black "Neuhausen, Rainer"]
[Result "0-1"]
[WhiteElo "308"]
[BlackElo "1028"]
[PlyCount "64"]
[EventDate "2019.09.01"]
[EventType "tourn (corr)"]
[EventRounds "6"]
[EventCountry "GER"]
[SourceTitle "Corr 2022"]
[Source "ChessBase"]
[SourceDate "2021.10.24"]
[SourceVersion "1"]
[SourceVersionDate "2021.10.24"]
[SourceQuality "1"]

1. e4 e5 2. Nf3 Nc6 3. d4 exd4 4. Nxd4 Bc5 5. c3 Nf6 6. f3 Bb6 7. Nxc6 bxc6 8. Na3 d6 9. Nc4 0-0 10. Bg5 h6 11. Bh4 g5 12. Bg3 Nh5 13. Qd2 Be6 14. Nxb6 cxb6 15. Bxd6 Re8 16. b3 Nf6 17. 0-0-0 Nd7 18. Bg3 Qf6 19. Kb2 Nc5 20. Be2 a5 21. a4 Bxb3 22. Ra1 Rad8 23. Qc1 Be6 24. Bc7 Rc8 25. Bxb6 Rb8 26. Kc2 Rxb6 27. Rb1 Nxa4 28. Rxb6 Qxc3+ 29. Kb1 Qxc1+ 30. Rxc1 Nxb6 31. Rxc6 Rb8 32. Rc3 Na4+ 0-1

[Event "RN-2019-0-01557"]
[Site "LSS email"]
[Date "2019.09.01"]
[Round "?"]
[White "Kuttner, Jaromir"]
[Black "Cherry, Brian"]
[Result "1-0"]
[WhiteElo "905"]
[BlackElo "310"]
[PlyCount "29"]
[EventDate "2019.08.15"]
[EventType "tourn (corr)"]
[EventRounds "6"]
[EventCountry "GER"]
[SourceTitle "Corr 2022"]
[Source "ChessBase"]
[SourceDate "2021.10.24"]
[SourceVersion "1"]
[SourceVersionDate "2021.10.24"]
[SourceQuality "1"]

1. e4 e6 2. d4 d5 3. e5 c5 4. c3 f6 5. Nf3 Nc6 6. Bb5 Bd7 7. Bxc6 Bxc6 8. 0-0 g5 9. h4 gxh4 10. Nxh4 fxe5 11. Qh5+ Kd7 12. dxe5 Qe7 13. Bg5 Qe8 14. Qg4 Qg6 15. Nxg6 1-0